Normal view
MARC view
Entry Personal Name
001 - CONTROL NUMBER
- control field: 11395
003 - CONTROL NUMBER IDENTIFIER
- control field: ARRUPE
005 - DATE AND TIME OF LATEST TRANSACTION
- control field: 20140918171715.0
008 - FIXED-LENGTH DATA ELEMENTS
- fixed length control field: 140918|| aca||aabn | a|a d
040 ## - CATALOGING SOURCE
- Original cataloging agency: ARRUPE
- Transcribing agency: ARRUPE
100 ## - HEADING--PERSONAL NAME
- Personal name: Ignatius,
- Titles and other words associated with a name: of Loyola, Saint,
- Dates associated with a name: 1491-1556.
- Title of a work: Exercitia spiritualia.
670 ## - SOURCE DATA FOUND
- Source citation: Work cat.: (ARRUPE)0: Thibodeaux, Mark E. 276, God's voice within :, c2010.